000 00639nam a2200181Ia 4500
008 090124s9999 xx 000 0 und d
082 _b26237
100 _aमून वसंत
245 _a" डॉ, आंबेडकरपूर्व दलित चळवळ"
250 _a0
260 _bसुगावा प्रकाशन
_c1987
300 _a128
600 _aमून वसंत
630 _a" डॉ, आंबेडकरपूर्व दलित चळवळ"
700 _aमून वसंत
730 _a" डॉ, आंबेडकरपूर्व दलित चळवळ"
942 _cBOOK
999 _c93767
_d93767